Loading...
| History - World | 0 | 5 | 0 | 2 | 50 | 125 | 134.40 | 0 | 1 | 0.00 | 0.00 |
| Science - Chemistry | 1 | 2 | 0 | 1 | 35 | 66 | 103.67 | 0 | 1 | 0.00 | 0.00 |
| Religion | 0 | 3 | 0 | 0 | 30 | 109 | 120.67 | 0 | 0 | 0.00 | 0.00 |
| Other Culture | 1 | 1 | 0 | 0 | 25 | 47 | 83.00 | 0 | 1 | 0.00 | 0.00 |
| History - European | 0 | 2 | 0 | 1 | 20 | 147 | 150.50 | 0 | 0 | 0.00 | 0.00 |
| History - Other | 1 | 1 | 1 | 0 | 20 | 59 | 99.50 | 0 | 1 | 0.00 | 0.00 |
| Modern World | 1 | 0 | 0 | 0 | 15 | 73 | 73.00 | 0 | 0 | 0.00 | 0.00 |
| Geography | 0 | 2 | 1 | 2 | 15 | 144 | 150.50 | 0 | 0 | 0.00 | 0.00 |
| History - American | 0 | 2 | 1 | 1 | 15 | 81 | 111.00 | 0 | 1 | 0.00 | 0.00 |
| Literature - European | 0 | 1 | 0 | 0 | 10 | 138 | 138.00 | 0 | 0 | 0.00 | 0.00 |
| Fine Arts - Painting and Sculpture | 0 | 1 | 0 | 0 | 10 | 114 | 114.00 | 0 | 0 | 0.00 | 0.00 |
| Literature - American | 0 | 1 | 0 | 0 | 10 | 153 | 153.00 | 0 | 0 | 0.00 | 0.00 |
| Literature - World | 0 | 1 | 0 | 1 | 10 | 163 | 163.00 | 0 | 0 | 0.00 | 0.00 |
| Mythology | 0 | 1 | 0 | 1 | 10 | 162 | 162.00 | 0 | 0 | 0.00 | 0.00 |
| Other Science (Astronomy) | 0 | 1 | 0 | 0 | 10 | 124 | 124.00 | 0 | 0 | 0.00 | 0.00 |
| Other Science (Earth Science) | 0 | 1 | 0 | 0 | 10 | 98 | 98.00 | 0 | 0 | 0.00 | 0.00 |
| Science - Biology | 0 | 1 | 0 | 1 | 10 | 136 | 136.00 | 0 | 0 | 0.00 | 0.00 |
| Fine Arts - Other Arts | 0 | 1 | 1 | 0 | 5 | 105 | 105.00 | 0 | 1 | 0.00 | 0.00 |
| Literature - British | 0 | 0 | 1 | 0 | -5 | 0.00 | 0 | 0 | 0.00 | 0.00 |